Antifungálna aktivita novosyntetizovaných heterocyklických zlúčenín
Enregistré dans:
| Auteur principal: | |
|---|---|
| Autres auteurs: | |
| Format: | Manuscrit Livre |
| Langue: | slovaque |
| Publié: |
2025
|
| Sujets: | |
| Accès en ligne: | http://is.stuba.sk/zp/portal_zp.pl?podrobnosti=177857 |
| Tags: |
Pas de tags, Soyez le premier à ajouter un tag!
|
MARC
| LEADER | 00000ntm a22000003a 4500 | ||
|---|---|---|---|
| 001 | stuzp105132 | ||
| 003 | SK-STU | ||
| 005 | 20250628212402.6 | ||
| 007 | ta | ||
| 008 | 150427s2015----xo-----f-mn---000-0-slo-d | ||
| 040 | |a STU |b slo | ||
| 041 | 0 | |a slo | |
| 100 | 1 | |a Markov, Andrii |u 043000 |4 aut |U FCHPT Fakulta chemickej a potravinárskej technológie |T FCHPT Ústav biochémie a mikrobiológie |X 122283 |U C3000 |Y 101 |7 122283 | |
| 242 | 0 | 1 | |a Antifungal activity of newly synthesized heterocyclic compounds |y eng |
| 245 | 1 | 0 | |a Antifungálna aktivita novosyntetizovaných heterocyklických zlúčenín |
| 260 | |c 2025 | ||
| 650 | 4 | |a novosyntetizované zlúčeniny |2 slo | |
| 650 | 4 | |a deriváty pyrazolu |2 slo | |
| 650 | 4 | |a synergia s azolmi |2 slo | |
| 650 | 4 | |a zvýšenie účinku |2 slo | |
| 650 | 4 | |a patogénne mikromycéty |2 slo | |
| 650 | 4 | |a pyrazole derivatives |2 eng | |
| 650 | 4 | |a synergy with azoles |2 eng | |
| 650 | 4 | |a efficacy enhancing |2 eng | |
| 650 | 4 | |a newly synthesized compounds |2 eng | |
| 650 | 4 | |a pathogenic micromycetes |2 eng | |
| 700 | 1 | |a Olejníková, Petra |u 043000 |k Z1 |4 ths |U FCHPT Fakulta chemickej a potravinárskej technológie |T FCHPT Ústav biochémie a mikrobiológie |X 3976 |U C3000 |Y 101 |7 A000003976 | |
| 856 | 4 | |u http://is.stuba.sk/zp/portal_zp.pl?podrobnosti=177857 | |